Estado y tributos en América Latina: avances y agendas pendientes /
Збережено в:
| Автор: | |
|---|---|
| Формат: | Текст |
| Теги: |
Додати тег
Немає тегів, Будьте першим, хто поставить тег для цього запису!
|
MARC
| LEADER | 00000 a a2200000 04500 | ||
|---|---|---|---|
| 001 | 48785 | ||
| 003 | |||
| 040 | |||
| 100 | |a Iñiguez, Alfredo | ||
| 245 | |a Estado y tributos en América Latina: |b avances y agendas pendientes / |c Alfredo Iñiguez | ||
| 773 | |a número258, (2015), páginas 46-64 : tablas | ||
| 999 | |c 35274 |d 35274 | ||
